[Event "Sharjah Ramadan op rapid"]
[Site "Sharjah"]
[Date "2019.05.14"]
[Round "5"]
[White "Kunhambu, A."]
[Black "De Guzman, Carlos"]
[Result "0-1"]
[WhiteElo "1456"]
[BlackElo "1850"]
[PlyCount "60"]
[EventDate "2019.05.13"]
[EventType "swiss (rapid)"]
[EventRounds "9"]
[EventCountry "UAE"]
[SourceTitle "CBM 190 Extra"]
[Source "ChessBase"]
[SourceDate "2019.07.15"]
[SourceVersion "1"]
[SourceVersionDate "2019.07.15"]
[SourceQuality "1"]

1. e4 c5 2. Nf3 Nc6 3. d4 cxd4 4. Nxd4 Nf6 5. Nc3 a6 6. a3 e6 7. Be3 Be7 8. Be2 0-0 9. 0-0 b5 10. f3 Bb7 11. Kh1 Rc8 12. Qd2 Ne5 13. Rfd1 Nc4 14. Bxc4 Rxc4 15. Nce2 Qc7 16. c3 Qb8 17. Nb3 d5 18. Na5 Rcc8 19. exd5 Bxd5 20. Nf4 Ba8 21. Nb3 Rfd8 22. Qe2 Bd6 23. Nd3 Bxh2 24. Nbc5 Nh5 25. Bf2 Ng3+ 26. Bxg3 Bxg3 27. Nxa6 Qb6 28. Nab4 e5 29. Nxe5 Qh6+ 30. Kg1 Qh2+ 0-1

[Event "Dubai op 12th"]
[Site "Dubai"]
[Date "2010.04.05"]
[Round "1"]
[White "De Guzman, Carlos"]
[Black "Harutjunyan, Gevorg"]
[Result "0-1"]
[WhiteElo "2009"]
[BlackElo "2476"]
[PlyCount "60"]
[EventDate "2010.04.05"]
[EventType "swiss"]
[EventRounds "9"]
[EventCountry "UAE"]
[SourceTitle "CBM 135 Extra"]
[Source "ChessBase"]
[SourceDate "2010.05.04"]
[SourceVersion "1"]
[SourceVersionDate "2010.05.04"]
[SourceQuality "1"]

1. e4 c6 2. d4 d5 3. e5 Bf5 4. Nf3 e6 5. Be2 Nd7 6. 0-0 Nh6 7. h3 Bg6 8. Nh2 c5 9. c3 Nf5 10. Nf3 Rc8 11. Nbd2 Be7 12. g4 Nh6 13. Qe1 0-0 14. Nb3 c4 15. Bxh6 gxh6 16. Nbd2 f6 17. h4 h5 18. exf6 Bxf6 19. g5 Bg7 20. Kg2 Rf4 21. Bd1 Rg4+ 22. Kh1 e5 23. Rg1 exd4 24. Rxg4 dxc3 25. Rf4 cxb2 26. Rb1 c3 27. Qe6+ Kh8 28. Rxb2 cxb2 29. Rb4 Rc1 30. Rxb7 Nc5 0-1